000 00873nam a2200217 a 4500
001 000003889
005 20200929150618.0
008 090714s2007 dr a 000 0 spa d
020 _a9789993458548
040 _aDO-SdBNP
_bspa
_cBNPHU
082 _a617.60711
_bT233o
100 1 _aTaveras Garcìa, Héctor Darío
_911746
245 1 3 _aLa odontología en la Primada de América :
_bcrónicas de la carrera en la Universidad Autónoma de Santo Domingo (1899-2005) /
_cHéctor Darío Taveras García.
260 _aSanto Domingo
_aCentenario,
_c2007.
300 _a402 p. :
_bil. ;
_c23 cm.
504 _aIncluye bibliográfias (p. 391-402).
650 4 _aUniversidad autónoma de santo domingo
_xOdontología
_xHistoria
_911747
650 4 _aFormacion profesional
_xEstudiantes universitarios
_911748
650 4 _aPlanificacion educativa
_xOdontología
_911749
049 _aBNPD
999 _c3710
_d3710